|
|
|
|
| LEADER |
00000nam0a2200000 4500 |
| 001 |
333914 |
| 005 |
20231102004614.0 |
| 010 |
|
|
|a 9785865474166
|
| 035 |
|
|
|a (RuTPU)RU\TPU\book\359930
|
| 090 |
|
|
|a 333914
|
| 100 |
|
|
|a 20170704d2012 bc y0rusy50 ca
|
| 101 |
0 |
|
|a rus
|
| 102 |
|
|
|a RU
|
| 105 |
|
|
|a a j 000zy
|
| 200 |
1 |
|
|a Приключения на столе : игровое положение к учебно-методическому пособию для двуязычного детского сада "Русский язык для дошкольников"
|f Е. Ю. Протасова
|
| 205 |
|
|
|a 3-е изд.
|
| 210 |
|
|
|a Санкт-Петербург
|c Златоуст
|d 2012
|
| 215 |
|
|
|a 152 с.
|c ил.
|
| 225 |
1 |
|
|a Русский язык вне России
|
| 606 |
1 |
|
|a Русский язык
|x Учебники и учебные пособия для различных степеней образования
|2 stltpush
|3 (RuTPU)RU\TPU\subj\26397
|9 50337
|
| 610 |
1 |
|
|a лексика
|
| 610 |
1 |
|
|a двуязычие
|
| 610 |
1 |
|
|a игровые методы
|
| 610 |
1 |
|
|a дошкольники
|
| 610 |
1 |
|
|a речевое общение
|
| 686 |
|
|
|a Ш141.2-92/-98
|v LBC/SL-A
|2 rubbk
|
| 700 |
|
1 |
|a Протасова
|b Е. Ю.
|
| 801 |
|
1 |
|a RU
|b 63413507
|c 20170704
|
| 801 |
|
2 |
|a RU
|b 63413507
|c 20221209
|g RCR
|
| 942 |
|
|
|c BK
|